Prístupy k optimalizácii osobných nákladov v podmienkach hospodárskej krízy

Možnosti optimalizácie osobných nákladov. Uplatňovanie strategických princípov v riadení nákladov.

Guardado en:
Detalles Bibliográficos
Autor principal: Šagátová, Slavka, 1975-
Formato: Capítulo de libro
Lenguaje:eslovaco
Materias:
Etiquetas: Agregar Etiqueta
Sin Etiquetas, Sea el primero en etiquetar este registro!

MARC

LEADER 00000nla a2200000 4500
001 0184348
005 20240603074628.8
041 0 |a slo 
044 |a SK 
245 1 0 |a Prístupy k optimalizácii osobných nákladov v podmienkach hospodárskej krízy  |c Slávka Šagátová 
520 |a Možnosti optimalizácie osobných nákladov. Uplatňovanie strategických princípov v riadení nákladov. 
610 2 0 |a podnik 
610 2 0 |a náklady personálne 
610 2 0 |a náklady režijné 
610 2 0 |a znižovanie nákladov 
610 2 0 |a optimalizácia 
610 2 0 |a manažment 
610 2 0 |a kríza hospodárska 
100 1 |a Šagátová, Slavka, 1975-